Quantitative Methods (Record no. 534)

MARC details
000 -LEADER
Fixed length control field 00400nam a2200169 4500
003 - CONTROL NUMBER IDENTIFIER
Control field SEACOMMC
005 - DATE AND TIME OF LATEST TRANSACTION
Control field 20240422132132.0
008 - FIXED-LENGTH DATA ELEMENTS--GENERAL INFORMATION
Fixed length control field 240422b |||||||| |||| 00| 0 eng d
020 ## - INTERNATIONAL STANDARD BOOK NUMBER / ISBN
Price 195.00
040 ## - CATALOGING SOURCE
Original cataloging agency SEACOMMC
082 ## - DEWEY DECIMAL CLASSIFICATION NUMBER
Classification number 519.5
Book Number G977
100 ## - MAIN ENTRY--PERSONAL NAME
Personal name Gupta,C.B.
245 1# - TITLE STATEMENT
Title Quantitative Methods
Statement of responsibility C.B. Gupta
260 ## - IMPRINT
Place of publication New Delhi
Name of publisher Asian Books
Date of publication 2007
650 ## - SUBJECT ADDED ENTRY--TOPICAL TERM
Topical term Mathematics
942 ## - ADDED ENTRY ELEMENTS (KOHA)
Koha item type Books
Holdings
Withdrawn status Lost status Source of classification Damaged status Not for loan Home library Current library Shelving location Date acquired Total Checkouts Call number Accession number Date last seen Price effective from Koha item type Copy number
    Dewey Decimal Classification     SEACOM MANAGEMENT COLLEGE SEACOM MANAGEMENT COLLEGE Reference 21/09/2003   519.5 G977 M22 22/04/2024 22/04/2024 Reference Books  
    Dewey Decimal Classification     SEACOM MANAGEMENT COLLEGE SEACOM MANAGEMENT COLLEGE   21/09/2003   519.5 G977 M23 22/04/2024 22/04/2024 Books 1
    Dewey Decimal Classification     SEACOM MANAGEMENT COLLEGE SEACOM MANAGEMENT COLLEGE   21/09/2003   519.5 G977 M24 22/04/2024 22/04/2024 Books 2
    Dewey Decimal Classification     SEACOM MANAGEMENT COLLEGE SEACOM MANAGEMENT COLLEGE   21/09/2003   519.5 G977 M25 22/04/2024 22/04/2024 Books 3
    Dewey Decimal Classification     SEACOM MANAGEMENT COLLEGE SEACOM MANAGEMENT COLLEGE   21/09/2003   519.5 G977 M26 22/04/2024 22/04/2024 Books 4
© Seacom Engineering College, All rights reserved.    Powered by Koha